<?xml version="1.0" encoding="UTF-8"?>
<record
    xmlns:xsi="http://www.w3.org/2001/XMLSchema-instance"
    xsi:schemaLocation="http://www.loc.gov/MARC21/slim http://www.loc.gov/standards/marcxml/schema/MARC21slim.xsd"
    xmlns="http://www.loc.gov/MARC21/slim">

  <leader>01034nam a22002657a 4500</leader>
  <controlfield tag="005">20170123162336.0</controlfield>
  <datafield tag="010" ind1=" " ind2=" ">
    <subfield code="a">A-316688</subfield>
  </datafield>
  <datafield tag="020" ind1=" " ind2=" ">
    <subfield code="c">30.00</subfield>
  </datafield>
  <datafield tag="035" ind1=" " ind2=" ">
    <subfield code="a">A-316688</subfield>
  </datafield>
  <datafield tag="037" ind1=" " ind2=" ">
    <subfield code="b">Cen Lib/Ret</subfield>
  </datafield>
  <datafield tag="040" ind1=" " ind2=" ">
    <subfield code="a">DPL</subfield>
    <subfield code="b">UR</subfield>
  </datafield>
  <datafield tag="082" ind1=" " ind2=" ">
    <subfield code="a">841.04</subfield>
    <subfield code="b">&#x639; &#x644; &#x6CC; </subfield>
  </datafield>
  <datafield tag="100" ind1=" " ind2=" ">
    <subfield code="a">&#x639;&#x644;&#x6CC; &#x627;&#x62D;&#x645;&#x62F; &#x641;&#x627;&#x637;&#x645;&#x6CC; </subfield>
    <subfield code="9">124188</subfield>
  </datafield>
  <datafield tag="245" ind1=" " ind2=" ">
    <subfield code="a">&#x641;&#x631;&#x627;&#x642; &#x6AF;&#x648;&#x631;&#x6A9;&#x6BE;&#x67E;&#x648;&#x631;&#x6CC; :</subfield>
    <subfield code="c">&#x639;&#x644;&#x6CC; &#x627;&#x62D;&#x645;&#x62F; &#x641;&#x627;&#x637;&#x645;&#x6CC; &#x627;&#x648;&#x631; &#x631;&#x641;&#x6CC;&#x639; &#x627;&#x644;&#x644;&#x647; &#x627;&#x646;&#x635;&#x627;&#x631;&#x6CC; </subfield>
    <subfield code="b">&#x641;&#x646; &#x627;&#x648;&#x631; &#x634;&#x62E;&#x635;&#x6CC;&#x62A; /</subfield>
  </datafield>
  <datafield tag="246" ind1=" " ind2=" ">
    <subfield code="a">Fraaq Gorakhpuri : fan aur shakhsiyat /</subfield>
    <subfield code="b">by Ali Ahmad Fatmi [and] Rafi Ullah Ansari </subfield>
  </datafield>
  <datafield tag="260" ind1=" " ind2=" ">
    <subfield code="a">&#x644;&#x6A9;&#x6BE;&#x646;&#x624; </subfield>
    <subfield code="b">&#x646;&#x635;&#x631;&#x62A; &#x67E;&#x628;&#x644;&#x6CC;&#x6A9;&#x6CC;&#x634;&#x646;&#x632; </subfield>
    <subfield code="c">1986</subfield>
  </datafield>
  <datafield tag="270" ind1=" " ind2=" ">
    <subfield code="a">&#x62D;&#x6CC;&#x62F;&#x631;&#x6CC; &#x645;&#x627;&#x631;&#x6A9;&#x6CC;&#x679; &#x627;&#x645;&#x6CC;&#x646;&#x622;&#x628;&#x627;&#x62F; </subfield>
    <subfield code="b">&#x644;&#x6A9;&#x6BE;&#x646;&#x624; </subfield>
    <subfield code="e">226018</subfield>
  </datafield>
  <datafield tag="300" ind1=" " ind2=" ">
    <subfield code="a">187p.</subfield>
    <subfield code="c">21cm(Hb)</subfield>
  </datafield>
  <datafield tag="650" ind1=" " ind2=" ">
    <subfield code="a"> &#x627;&#x62F;&#x628; - &#x627;&#x631;&#x62F;&#x648;</subfield>
    <subfield code="9">124189</subfield>
  </datafield>
  <datafield tag="650" ind1=" " ind2=" ">
    <subfield code="a"> &#x627;&#x631;&#x62F;&#x648; &#x633;&#x648;&#x627;&#x646;&#x62D; &#x639;&#x645;&#x631;&#x6CC; -- &#x641;&#x631;&#x627;&#x642; </subfield>
    <subfield code="9">123297</subfield>
  </datafield>
  <datafield tag="650" ind1=" " ind2=" ">
    <subfield code="a">Literature -- Urdu</subfield>
    <subfield code="9">124190</subfield>
  </datafield>
  <datafield tag="650" ind1=" " ind2=" ">
    <subfield code="a">Urdu biography -- Fraq</subfield>
    <subfield code="9">124191</subfield>
  </datafield>
  <datafield tag="700" ind1=" " ind2=" ">
    <subfield code="a"> &#x627;&#x646;&#x635;&#x627;&#x631;&#x6CC;&#x60C; &#x631;&#x641;&#x6CC;&#x639; &#x627;&#x644;&#x644;&#x647; </subfield>
    <subfield code="9">108766</subfield>
  </datafield>
  <datafield tag="942" ind1=" " ind2=" ">
    <subfield code="2">ddc</subfield>
    <subfield code="c">UR</subfield>
    <subfield code="h">841.04</subfield>
    <subfield code="m">&#x639; &#x644; &#x6CC; </subfield>
  </datafield>
  <datafield tag="999" ind1=" " ind2=" ">
    <subfield code="c">108150</subfield>
    <subfield code="d">108150</subfield>
  </datafield>
  <datafield tag="952" ind1=" " ind2=" ">
    <subfield code="0">0</subfield>
    <subfield code="1">0</subfield>
    <subfield code="4">0</subfield>
    <subfield code="7">0</subfield>
    <subfield code="a">L</subfield>
    <subfield code="b">L</subfield>
    <subfield code="d">2016-01-15</subfield>
    <subfield code="e">Cen Lib/Ret</subfield>
    <subfield code="g">30.00</subfield>
    <subfield code="l">0</subfield>
    <subfield code="o">841.04 &#x639; &#x644; &#x6CC;</subfield>
    <subfield code="p">A-316688</subfield>
    <subfield code="r">2016-01-15 00:00:00</subfield>
    <subfield code="t">1</subfield>
    <subfield code="v">30.00</subfield>
    <subfield code="w">2016-01-15</subfield>
    <subfield code="y">UR</subfield>
  </datafield>
</record>
